=LDR 00000nam 2200000 4500 =001 000583 =005 20250711013631 =035 ##$$a 0010-0725000451 =007 ta =008 250711################a##########0#ind## =020 ##$$a 978-623-307-150-5 =082 ##$$a 398.209 598 =084 ##$$a 398.209 598 WID a =100 #$$a Endah Widyawati =245 1#$$a Atu dan sandal /$c Endah Widyawati =250 ##$$a Cetakan Kedua =260 ##$$a Rawamangun :$b Badan Pengembangan dan Pembinaan Bahasa,$c 2022 =300 ##$$a 28 hlm. : $b Ilus. ; $c 29,7 cm. =650 #4$$a Cerita Anak - Indonesia =650 #4$$a Literasi - Bahan bacaan =856 ##$$a TBM AS SUHADA =990 ##$$a TBM03440344